000
00232nam a2200109Ia 4500
999
_c
6470
_d
6470
020
_a
978-0321181053
100
_a
Connolly, Begg
245
0
_a
Database Systems
260
_a
India
_b
McGraw Hill
_c
2002
300
_a
1236
942
_c
BK